000 01235cam a22002535a 4500
001 18275683
005 20161025154542.0
008 140821s2014 caua fr 001 0 eng d
020 _a9780133816716
020 _a0133816710
040 _aUKMGB
_beng
_cUKMGB
_dOCLCO
_dBTCTA
_dYDXCP
_dBDX
_dCDX
_dLD4
_dTXI
_dDLC
_dEG-ScBUE
082 0 4 _a006.68602477
_222
_bKAB
100 1 _aKabili, Jan.
245 1 0 _aAdobe Lightroom and Photoshop for photographers :
_bclassroom in a book : the official training workbook from Adobe /
_cJan Kabili.
260 _aSan Jose :
_bAdobePress,
_cc.2014.
300 _avi, 401 p. :
_bill. ;
_c24 cm.
500 _aIndex : p. 382-400.
505 0 _aGetting ready to use Lightroom with Photoshop -- Lightroom-Photoshop roundtrip workflow -- Managing photos in Lightroom's library module -- Processing photos in Lightroom's develop module -- Lightroom to Photoshop for combining photos -- Lightroom to Photoshop for selecting and masking -- Lightroom to Photoshop for retouching -- Lightroom to Photoshop for special effects.
630 0 7 _aAdobe Photoshop lightroom.
650 7 _aPhotography
_xDigital techniques
_xComputer programs.
_2BUEsh
651 _2BUEsh
653 _bCOMSCI
_cOctober2016
942 _2ddc
999 _c22863
_d22835